Journal of technical education seience No.44A
Contents: CDM project for pulp and and paper industry of Vietnam; Load shedding control strategy based on transient evaluation of power system using artificial network and analytic hierarchy process algorithm; A new switched-capactitornine-level inverter;...
Tallennettuna:
| Aineistotyyppi: | Kirja |
|---|---|
| Kieli: | Vietnamese English |
| Julkaistu: |
Ho Chi Minh city
Ho Chi Minh city University of Technology and Education
2017
|
| Tagit: |
Lisää tagi
Ei tageja, Lisää ensimmäinen tagi!
|
| Thư viện lưu trữ: | Thư viện Trường Đại học Nam Cần Thơ |
|---|
| LEADER | 00982nam a22001937a 4500 | ||
|---|---|---|---|
| 001 | NCT_123315 | ||
| 008 | 220511b xxu||||| |||| 00| 0 vie d | ||
| 999 | |c 6315 |d 6315 | ||
| 022 | |a 1859-1272 | ||
| 041 | |a eng | ||
| 082 | 0 | 4 | |2 23rd ed. |a 378 |b T109C |
| 245 | 0 | 0 | |a Journal of technical education seience |n No.44A |c Ho Chi Minh city University of Technology and Education |
| 260 | |a Ho Chi Minh city |b Ho Chi Minh city University of Technology and Education |c 2017 | ||
| 300 | |c 29cm | ||
| 362 | |a 10/2017 | ||
| 520 | 3 | |a Contents: CDM project for pulp and and paper industry of Vietnam; Load shedding control strategy based on transient evaluation of power system using artificial network and analytic hierarchy process algorithm; A new switched-capactitornine-level inverter;... | |
| 942 | |2 ddc |c CR | ||
| 952 | |0 0 |1 0 |2 ddc |4 0 |6 378_000000000000000_T109C |7 0 |9 23897 |a 000001 |b 000001 |d 2022-05-13 |o 378 T109C |r 2022-05-13 |w 2022-05-13 |y CR | ||
| 980 | |a Thư viện Trường Đại học Nam Cần Thơ | ||